| 000 | 01402naa a22003737a 4500 | ||
|---|---|---|---|
| 001 | BR7000623 | ||
| 003 | BR-BrBNA | ||
| 005 | 20240918173405.0 | ||
| 007 | ta | ||
| 008 | 230509b bl.||||| |||| 00| 0 por d | ||
| 040 |
_aBR-BrBNA _bpor _cBiblioteca Nacional de Agricultura |
||
| 041 | _a(Pt) | ||
| 072 |
_aF25; H50; F60 _b1950 _b3866 _bG514 _bGZ74 |
||
| 090 | _aF25 BR7000623 | ||
| 100 | 1 | _aCarvalho, M.M. de | |
| 100 | 1 | _aFranca, G.E. de | |
| 100 | 1 | _aBahia Filho, A.F.C. | |
| 100 | 1 | _aMozzer, O.L. | |
| 111 | 1 |
_a5. Reuniao Latino Americana de Rhizobium _cRio de Janeiro, GB (Brazil) _d22 Jul 1970 |
|
| 245 | 1 | _aEnsaio exploratorio de fertilizacao de seis leguminosas tropicais em um latosol vermelho escuro, fase cerrado [deficiencia nutricional, adubacao, microelemento, calagem, Brasil] | |
| 260 | 3 |
_aItaguai, RJ (Brasil): _c1970. |
|
| 500 | _aAnais da 5. Reuniao Latino Americana de Rhizobium Itaguai, RJ (Brasil): 1970. p. 109-120 (BR7000623-AM)F25 | ||
| 650 | _aLEGUMINOSA FORRAGEIRA | ||
| 650 | _aMICROELEMENTO | ||
| 650 | _aADUBACAO | ||
| 650 | _aCALAGEM | ||
| 650 | _aDEFICIENCIA NUTRICIONAL | ||
| 650 | _aCRESCIMENTO | ||
| 650 | _aLATOSSOLO VERMELHO ESCURO | ||
| 650 | _aCERRADO | ||
| 773 | 0 |
_tAnais da 5. Reuniao Latino Americana de Rhizobium _wF25 BR7000623 _gItaguai, RJ (Brasil), 1970. p. 109-120 |
|
| 909 |
_a202404 _bLucia _c55 _dLucia Elande |
||
| 942 |
_cAM _2AGRIS |
||
| 999 |
_c304351 _d304351 |
||